<?xml version="1.0" encoding="UTF-8"?><?xml-stylesheet type="text/xsl" href="static/style.xsl"?><OAI-PMH xmlns="http://www.openarchives.org/OAI/2.0/" xmlns:xsi="http://www.w3.org/2001/XMLSchema-instance" xsi:schemaLocation="http://www.openarchives.org/OAI/2.0/ http://www.openarchives.org/OAI/2.0/OAI-PMH.xsd"><responseDate>2026-04-14T19:24:34Z</responseDate><request verb="GetRecord" identifier="oai:uvadoc.uva.es:10324/59080" metadataPrefix="marc">https://uvadoc.uva.es/oai/request</request><GetRecord><record><header><identifier>oai:uvadoc.uva.es:10324/59080</identifier><datestamp>2025-02-21T10:04:53Z</datestamp><setSpec>com_10324_1176</setSpec><setSpec>com_10324_931</setSpec><setSpec>com_10324_894</setSpec><setSpec>col_10324_1359</setSpec></header><metadata><record xmlns="http://www.loc.gov/MARC21/slim" xmlns:doc="http://www.lyncode.com/xoai" xmlns:xsi="http://www.w3.org/2001/XMLSchema-instance" xmlns:dcterms="http://purl.org/dc/terms/" xsi:schemaLocation="http://www.loc.gov/MARC21/slim http://www.loc.gov/standards/marcxml/schema/MARC21slim.xsd">
<leader>00925njm 22002777a 4500</leader>
<datafield tag="042" ind1=" " ind2=" ">
<subfield code="a">dc</subfield>
</datafield>
<datafield tag="720" ind1=" " ind2=" ">
<subfield code="a">Bello Gutierrez, Hugo José</subfield>
<subfield code="e">author</subfield>
</datafield>
<datafield tag="720" ind1=" " ind2=" ">
<subfield code="a">Caballero García, Alberto</subfield>
<subfield code="e">author</subfield>
</datafield>
<datafield tag="720" ind1=" " ind2=" ">
<subfield code="a">Pérez Valdecantos, Daniel</subfield>
<subfield code="e">author</subfield>
</datafield>
<datafield tag="720" ind1=" " ind2=" ">
<subfield code="a">Roche Collado, Enrique</subfield>
<subfield code="e">author</subfield>
</datafield>
<datafield tag="720" ind1=" " ind2=" ">
<subfield code="a">Noriega González, David César</subfield>
<subfield code="e">author</subfield>
</datafield>
<datafield tag="720" ind1=" " ind2=" ">
<subfield code="a">Córdova Martínez, Alfredo</subfield>
<subfield code="e">author</subfield>
</datafield>
<datafield tag="260" ind1=" " ind2=" ">
<subfield code="c">2021</subfield>
</datafield>
<datafield tag="520" ind1=" " ind2=" ">
<subfield code="a">Vitamin D is a key micronutrient modulating function and health in skeletal muscle. Therefore, we sought to systematically review the role of vitamin D in muscle recovery. A search in different databases (PubMed/MEDLINE, WOS, Google Scholar, and Scopus) was carried out following PRISMA® and PICOS. The search period was from inception to April 2020. Changes in post-exercise muscle damage were quantified comparing experimental group vs. placebo in each study by using number of participants, standardized mean difference (SMD), and standard error of the SMD. Hedges’s g was used to calculate the SMDs for each study group and biased by the inverse of variance that allows calculating an overall effect and the 95% confidence interval (CI). The net vitamin D supplementation effect was calculated by subtracting the placebo SMD from SMD of the experimental group. The DerSimonian and Laird method was used as a random effect model, taking into account that the effect of vitamin D on muscular damage may vary according to the dose administered and additional moderators. Six studies were selected. In conclusion, regarding circulating levels of muscle biomarkers and additional limitations of the studies, it cannot be concluded that vitamin D supplementation exerts an effect in post-exercise muscle recovery. Likely, the anti-inflammatory action of vitamin D is quicker than the recovery of tissue structure and function. This aspect is pending verification in future research.</subfield>
</datafield>
<datafield tag="024" ind2=" " ind1="8">
<subfield code="a">Nutrients,  2021, Vol. 13, Nº. 11, 4013</subfield>
</datafield>
<datafield tag="024" ind2=" " ind1="8">
<subfield code="a">2072-6643</subfield>
</datafield>
<datafield tag="024" ind2=" " ind1="8">
<subfield code="a">https://uvadoc.uva.es/handle/10324/59080</subfield>
</datafield>
<datafield tag="024" ind2=" " ind1="8">
<subfield code="a">10.3390/nu13114013</subfield>
</datafield>
<datafield tag="024" ind2=" " ind1="8">
<subfield code="a">4013</subfield>
</datafield>
<datafield tag="024" ind2=" " ind1="8">
<subfield code="a">11</subfield>
</datafield>
<datafield tag="024" ind2=" " ind1="8">
<subfield code="a">Nutrients</subfield>
</datafield>
<datafield tag="024" ind2=" " ind1="8">
<subfield code="a">13</subfield>
</datafield>
<datafield tag="024" ind2=" " ind1="8">
<subfield code="a">2072-6643</subfield>
</datafield>
<datafield ind1=" " ind2=" " tag="653">
<subfield code="a">Creatine kinase</subfield>
</datafield>
<datafield ind1=" " ind2=" " tag="653">
<subfield code="a">Ejercicio</subfield>
</datafield>
<datafield ind1=" " ind2=" " tag="653">
<subfield code="a">Ejercicio físico</subfield>
</datafield>
<datafield ind1=" " ind2=" " tag="653">
<subfield code="a">Vitamin D</subfield>
</datafield>
<datafield ind1=" " ind2=" " tag="653">
<subfield code="a">Systematic reviews (Medical research)</subfield>
</datafield>
<datafield ind1=" " ind2=" " tag="653">
<subfield code="a">Meta-analysis</subfield>
</datafield>
<datafield tag="245" ind1="0" ind2="0">
<subfield code="a">Effects of vitamin D in post-exercise muscle recovery. A systematic review and meta-analysis</subfield>
</datafield>
</record></metadata></record></GetRecord></OAI-PMH>